Normal view
MARC view
Entry Topical Term
001 - CONTROL NUMBER
- control field: 4658
003 - CONTROL NUMBER IDENTIFIER
- control field: OSt
005 - DATE AND TIME OF LATEST TRANSACTION
- control field: 20220913065041.0
008 - FIXED-LENGTH DATA ELEMENTS
- fixed length control field: 220913|| aca||aabn | a|a d
040 ## - CATALOGING SOURCE
- Original cataloging agency: OSt
- Transcribing agency: OSt
150 ## - HEADING--TOPICAL TERM
- Topical term or geographic name entry element:
670 ## - SOURCE DATA FOUND
- Source citation: Work cat.: (OSt)4880: Richards, jack C. 4641, Approaches and Methods in Language Teaching : , c2001
